000 00387nam a2200145Ia 4500
008 210210b1989 xxu||||| |||| 00| 0 eng d
082 _a021 RANF
100 _aRANGANATHAN (S R).
245 _aFive laws of Library Science.
250 _a
260 _aBangalore
_bSarada Ranganathan Endowment for Library Science
_c1989
300 _a449
690 _aLibrary Science
906 _a043962
999 _c93410
_d93410